000 00611nam a2200193 a 4500
005 20210223130909.0
008 081204m19942003mx r 000 0 spa d
020 _a9683911870
035 _aUPN01000168345
049 _aI
050 4 _aPZ78
_bC3.2
100 1 _aCabiedes, María de los Angeles,
_d1965-
_936290
245 1 3 _aEl arcoiris /
_ctexto Ma. de los Angeles Cabiedes ; il. Omar Santana Pérez.
260 _aMéxico :
_bPatria,
_c1994 (2003 impr.).
300 _a31 p. :
_bil. col.
440 0 _aPiñata.
_pEl medio ambiente
650 4 _aARCO IRIS -
_vLITERATURA INFANTIL
_913763
905 _aInfantil
999 _c140452
_d140452